Estática jurídica /
Guardado en:
| Autor Principal: | |
|---|---|
| Otros Autores: | |
| Formato: | Desconocido |
| Idioma: | Spanish |
| Publicado: |
Buenos Aires :
Eudeba ,
1969
|
| Edición: | 1a. ed. |
| Series: | Temas de Eudeba/Derecho
|
| Materias: | |
| Etiquetas: |
Agregar Etiqueta
Sin Etiquetas, Sea el primero en etiquetar este registro!
|
| LEADER | 00521nac a22001695a 4500 | ||
|---|---|---|---|
| 001 | DER.der013219 | ||
| 008 | 180615s1969####ag#||||||||||||||#||spa|| | ||
| 005 | 20241108170457.0 | ||
| 245 | 1 | 0 | |a Estática jurídica / |c Bernardino Montejano (h), Julio C. Noacco. |
| 250 | |a 1a. ed. | ||
| 260 | |a Buenos Aires : |b Eudeba , |c 1969 | ||
| 300 | |a 113 p. | ||
| 440 | 0 | |a Temas de Eudeba/Derecho | |
| 100 | 1 | |a Montejano, Bernardino (h) | |
| 700 | 1 | |a Noacco, Julio C. | |
| 650 | 7 | |a FILOSOFIA DEL DERECHO | |
| 859 | |a DERECHO |b BIB. DERECHO |h 340.1 |i MON |p 008142 | ||
